000 00250nam a22001097a 4500
008 170116b xxu||||| |||| 00| 0 eng d
020 _a9780803627635
041 _aeng
080 _29TH
_a618.2
245 _aNURSING NOW
_cCATALANO, J.T
942 _2udc
_cBK
999 _c2966
_d2966